Najwięksi brutale Premier League - Statystyki

Ogólne statystyki
  • Ten quiz został rozwiązany 301 razy
  • Średni wynik to 3 z 20
Statystyki odpowiedzi
Ilość kartek Narodowość Zawodnik % Poprawnych
7 Irlandia Roy Keane
81%
6 Serbia Nemanja Vidic
72%
6 Anglia John Terry
42%
8 Francja Patrick Vieira
33%
6 Anglia Steven Gerrard
24%
6 Anglia Andrew Cole
19%
7 Walia Vinie Jones
16%
6 Anglia Gareth Barry
8%
6 Anglia Joey Barton
7%
7 Anglia Alan Smith
3%
8 Szkocja Duncan Ferguson
3%
6 Anglia Nicky Butt
2%
8 Irlandia Richard Dunne
2%
7 Anglia Lee Cattermole
1%
6 Portugalia Luis Boa Morte
1%
6 Anglia Martin Keown
1%
6 Anglia Paul Konchesky
1%
6 Francja Younes Kaboul
1%
6 Francja Frank Queudrue
0%
6 Walia John Hartson
0%
Nie znaleziono quizów pasujących do podanych kryteriów
Rozkład punktacji
Procent ludzi z każdym wynikiem
Percentyl według liczby udzielonych odpowiedzi
Twoja historia wyników
Nie rozwiązałeś tego quizu